<?xml version="1.0" encoding="UTF-8"?>
<record
    xmlns:xsi="http://www.w3.org/2001/XMLSchema-instance"
    xsi:schemaLocation="http://www.loc.gov/MARC21/slim http://www.loc.gov/standards/marcxml/schema/MARC21slim.xsd"
    xmlns="http://www.loc.gov/MARC21/slim">

  <leader>02047nam a2200205 a 4500</leader>
  <controlfield tag="008">180306s1982    ag a|||gr|||| 00| 0 spa d</controlfield>
  <datafield tag="020" ind1=" " ind2=" ">
    <subfield code="a">0137003</subfield>
  </datafield>
  <datafield tag="041" ind1=" " ind2=" ">
    <subfield code="a">spa</subfield>
  </datafield>
  <datafield tag="092" ind1=" " ind2=" ">
    <subfield code="c">808.8</subfield>
    <subfield code="l">94</subfield>
    <subfield code="s">VUL</subfield>
  </datafield>
  <datafield tag="100" ind1="1" ind2=" ">
    <subfield code="a">V&#xFA;lentin, Alberto</subfield>
    <subfield code="9">3530</subfield>
  </datafield>
  <datafield tag="245" ind1=" " ind2=" ">
    <subfield code="a">Curanderos, hechiceros y mitos de la Patagonia y de Tierra del Fuego.</subfield>
    <subfield code="b">Huecuvumapu /</subfield>
    <subfield code="c">Alberto V&#xFA;letin</subfield>
  </datafield>
  <datafield tag="250" ind1=" " ind2=" ">
    <subfield code="a">1a. ed. </subfield>
  </datafield>
  <datafield tag="260" ind1=" " ind2=" ">
    <subfield code="a">Buenos  Aires:</subfield>
    <subfield code="b">Gardenia;</subfield>
    <subfield code="c">1982.</subfield>
  </datafield>
  <datafield tag="300" ind1=" " ind2=" ">
    <subfield code="a">157 p.</subfield>
  </datafield>
  <datafield tag="500" ind1=" " ind2=" ">
    <subfield code="a">V&#xFA;letin, A. (1982). Curanderos, hechiceros y mitos de la Patagonia y de Tierra del Fuego. Huecuvumapu. (1a ed.). Buenos Aires : Gardenia.</subfield>
  </datafield>
  <datafield tag="505" ind1=" " ind2=" ">
    <subfield code="a">Alberto V&#xFA;letin lleva hoy aportado a la cultura nacional una obra de relieves singulares, acaso &#xFA;nica bajo m&#xE1;s de un aspecto. Su Huecuvumapu (madre tierra) representa un minucioso trabajo de investigaci&#xF3;n, realizado sobre el terreno mismo del sur Argentino y Chileno. Toda la mitolog&#xED;a de esa maravillosa zona, sensiblemente auscultada palmo a palmo, descubriendo en un nombre, o en un acto, todo el pasado milenario de esa raza. Bien sabemos lo que el nombre significa para el alma primitiva, una composici&#xF3;n de lugar supersticiosa, emocional, utilitaria frente a la cosa con que se entiende propiciarla o distanciarla. No es para el alma aborigen mero r&#xF3;tulo convencional ap&#xF3;sito; lo entiende inherente, entidad viva y activa para s&#xED; misma. Para el alma primitiva el nombre nace esencialmente a la cosa. Y no puede dudarse de que los nombres que cabe considerar capitales en toda lengua primitiva, traducen o reflejan el sentimiento o el concepto de la relaci&#xF3;n primordial del alma humana con la Gea matriz. La presente obra franquea muchas perspectivas sobre el campo de su disciplina investigativa tan cumplidamente profesada. Se trata esta vez de un examen sistem&#xE1;tico de formas de la mitolog&#xED;a supersticiosa del aborigen austral, mezclando muchas de ellas, finalmente lo m&#xED;tico, lo atroz y lo po&#xE9;tico. </subfield>
  </datafield>
  <datafield tag="590" ind1=" " ind2=" ">
    <subfield code="a">Donaci&#xF3;n de Dr. Julio Arce, marzo 2018.</subfield>
  </datafield>
  <datafield tag="655" ind1=" " ind2=" ">
    <subfield code="a">Literatura</subfield>
    <subfield code="9">2917</subfield>
  </datafield>
  <datafield tag="942" ind1=" " ind2=" ">
    <subfield code="2">ddc</subfield>
    <subfield code="c">LIT</subfield>
  </datafield>
  <datafield tag="999" ind1=" " ind2=" ">
    <subfield code="c">2687</subfield>
    <subfield code="d">2687</subfield>
  </datafield>
  <datafield tag="952" ind1=" " ind2=" ">
    <subfield code="0">0</subfield>
    <subfield code="1">0</subfield>
    <subfield code="2">ddc</subfield>
    <subfield code="4">0</subfield>
    <subfield code="7">0</subfield>
    <subfield code="a">BFM</subfield>
    <subfield code="b">BFM</subfield>
    <subfield code="c">CR</subfield>
    <subfield code="d">2018-03-06</subfield>
    <subfield code="e">Donaci&#xF3;n Dr. Julio Arce, Marzo 2018.</subfield>
    <subfield code="l">0</subfield>
    <subfield code="o">808.8 94 VUL</subfield>
    <subfield code="p">4196</subfield>
    <subfield code="r">2018-03-06</subfield>
    <subfield code="t">Ej. 1</subfield>
    <subfield code="w">2018-03-06</subfield>
    <subfield code="y">LIT</subfield>
    <subfield code="z">Donaci&#xF3;n Dr. Julio Arce, Marzo 2018.</subfield>
  </datafield>
</record>
